Raymond Debord, L’Individu contre la société, Droits, identités et émancipation sociale, Paris, Éditions Critiques, 2023, 198 p. (notice n° 1914147)
[ vue normale ]
| 000 -LEADER | |
|---|---|
| fixed length control field | 01856cam a2200169 4500500 |
| 005 - DATE AND TIME OF LATEST TRANSACTION | |
| control field | 20260329021642.0 |
| 041 ## - LANGUAGE CODE | |
| Language code of text/sound track or separate title | fre |
| 042 ## - AUTHENTICATION CODE | |
| Authentication code | dc |
| 100 10 - MAIN ENTRY--PERSONAL NAME | |
| Personal name | Touboul, Déborah |
| Relator term | author |
| 245 00 - TITLE STATEMENT | |
| Title | Raymond Debord, L’Individu contre la société, Droits, identités et émancipation sociale, Paris, Éditions Critiques, 2023, 198 p. |
| 260 ## - PUBLICATION, DISTRIBUTION, ETC. | |
| Date of publication, distribution, etc. | 2026.<br/> |
| 500 ## - GENERAL NOTE | |
| General note | 18 |
| 520 ## - SUMMARY, ETC. | |
| Summary, etc. | Traditionnellement pacifiste, le Parti communiste français fait évoluer son discours au milieu des années trente. En lien avec la diplomatie soviétique, il développe une politique de fermeté face aux régimes autoritaires qui le conduit à soutenir les Républicains espagnols et à s’opposer à la politique d’apaisement avec l’Allemagne nazie au moment des accords de Munich. Dans le département du Pas-de-Calais, terre natale de Maurice Thorez, cette ligne de fermeté face à l’Allemagne nazie se développe au moment où se délite le Front populaire, portée par des cadres communistes locaux convaincus de la justesse de la ligne antifasciste. |
| 520 ## - SUMMARY, ETC. | |
| Summary, etc. | Traditionally a pacifist, the French Communist Party changed its discourse in the mid-thirties. In connection with Soviet diplomacy, he developed a policy of firmness in the face of authoritarian regimes that led him to support the Spanish Republicans and to oppose the policy of appeasement with Nazi Germany at the time of the Munich Agreement. In the department of Pas-de-Calais, the birthplace of Maurice Thorez, this line of firmness against Nazi Germany developed at a time when the Popular Front was crumbling, supported by local communist executives convinced of the correctness of the anti-fascist line. |
| 786 0# - DATA SOURCE ENTRY | |
| Note | La Pensée | 425 | 1 | 2026-03-09 | p. 149-150 | 0031-4773 |
| 856 41 - ELECTRONIC LOCATION AND ACCESS | |
| Uniform Resource Identifier | <a href="https://shs.cairn.info/revue-la-pensee-2026-1-page-149?lang=fr&redirect-ssocas=7080">https://shs.cairn.info/revue-la-pensee-2026-1-page-149?lang=fr&redirect-ssocas=7080</a> |
Pas d'exemplaire disponible.




Réseaux sociaux